| 000 | 00790nmc a2200301 a 4500 | ||
|---|---|---|---|
| 003 | AR-BaBNM | ||
| 005 | 20251128204654.0 | ||
| 008 | 047019s1992 ||||||||||||||000 | spa|| | ||
| 020 | _a950-07-0719-5 | ||
| 040 | _cAR-BaBNM | ||
| 100 | 1 | _aDevetach, Laura | |
| 245 | 1 | 0 | _aMilongas tamaño alpiste |
| 260 |
_aBuenos Aires _bSudamericana _c1992 |
||
| 300 | 0 |
_a16 p. _bil., láms. |
|
| 490 | 0 |
_aLibros del bolsillo _vv. 22 |
|
| 500 | 0 | _aContiene nota de la editora dirigida a los lectores | |
| 650 | 4 | _aCUENTOS | |
| 650 | 4 | _aLITERATURA INFANTIL | |
| 650 | 4 | _aCANCIONES | |
| 650 | 4 | _aMUSICA VOCAL | |
| 650 | 4 | _aLIBROS PARA NINOS | |
| 651 | 4 | _aArgentina | |
| 655 | _aLITERATURA | ||
| 700 | 1 |
_aRoldán, Gustavo _eilustrador |
|
| 800 | 0 | _aCanela | |
| 942 | _cBK | ||
| 998 | _claura | ||
| 999 |
_c8339 _d8339 |
||